| 000 | 01337nam a22002657a 4500 | ||
|---|---|---|---|
| 005 | 20090716155036.0 | ||
| 008 | 090714t xxu||||| |||| 00| 0 hin d | ||
| 010 | _aHIN-87305 | ||
| 020 |
_c750.00 _a9788186208618 |
||
| 035 | _aHN-59651 | ||
| 037 | _bDBAD / PUB | ||
| 040 |
_adpl _bhn |
||
| 082 | _a954.0841092 | ||
| 100 | _a | ||
| 245 |
_aसुभाषचन्द्र बोसः _bरोमिला चावला द्वारा संपादित |
||
| 246 |
_aSubhash Chandra Bose: jiivanii aura darshana _bby Romila Chawla |
||
| 260 |
_aनई दिल्ली _bराज पब्लिकेशन्स _c2009 |
||
| 270 |
_a108, 4855/24, अंसारी रोड दरियागंज _bनई दिल्ली _e110002 _k011-30120939 |
||
| 300 |
_a358पृ.. _bसचित्र _c22सेमी(सजिल्द) |
||
| 600 |
_aबोस, सुभाषचन्द्र, 1897-1945 _xजीवनी |
||
| 600 |
_aBose, Subhash Chandra, 1897-1945 _xBiography |
||
| 700 | _aचावला, रोमिला | ||
| 942 |
_2ddc _cHN _mसुभाष _h954.0841092 |
||
| 999 |
_c28340 _d28340 |
||